000
00341 a2200169 4500
001
188296
020
_a
85-7208-091-0
040
_c
Magnum
100
_a
Abramovich, Fanny
240
1
0
_a
Roda mundo
_l
por
245
1
0
_a
Roda mundo
300
_a
115
362
0
_a
1993
440
1
_a
Formato
697
_a
LITERATURA JUVENIL
942
_c
BK
999
_c
188296
_d
188296